
Library Catalogue

| 000 -LEADER | |
|---|---|
| fixed length control field | 02026nam a2200217Ia 4500 |
| 003 - CONTROL NUMBER IDENTIFIER | |
| control field | OSt |
| 005 - DATE AND TIME OF LATEST TRANSACTION | |
| control field | 20211007102552.0 |
| 008 - FIXED-LENGTH DATA ELEMENTS--GENERAL INFORMATION | |
| fixed length control field | 160316s2003 xxu||||| |||| 00| 0 eng |
| 020 ## - INTERNATIONAL STANDARD BOOK NUMBER | |
| International Standard Book Number | 9789067041560 |
| 040 ## - CATALOGING SOURCE | |
| Transcribing agency | n |
| 082 ## - DEWEY DECIMAL CLASSIFICATION NUMBER | |
| Classification number | 343.099450 |
| Item number | NIC |
| 100 ## - MAIN ENTRY--PERSONAL NAME | |
| Personal name | Nicoll C |
| 245 ## - TITLE STATEMENT | |
| Title | Digital anonymity and the law : Tensions and dimensions |
| 260 ## - PUBLICATION, DISTRIBUTION, ETC. | |
| Place of publication, distribution, etc. | The Hague |
| Name of publisher, distributor, etc. | Asser Press |
| Date of publication, distribution, etc. | 2003 |
| 300 ## - PHYSICAL DESCRIPTION | |
| Extent | 307p |
| Dimensions | xii |
| 365 ## - TRADE PRICE | |
| Price amount | Rs.4,048 |
| 505 ## - FORMATTED CONTENTS NOTE | |
| Formatted contents note | Contents<br/>Preface;<br/>Abbreviations;<br/>1. Anonymity and the law, some introductory remarks;<br/>Part I: 2. Anonymity in the balance A. Michael Froomkin;<br/>3. The case of anonymity in western political philosophy: Benjamin Constant's refutation of republican and utilitarian arguments against anonymity Paul De Hert;<br/>4. Concealing and revealing identity on the internet Chris Nicoll;<br/>5. A case study: the JANUS project Bernd Holznagel and Matthias Sonntag;<br/>6. Market solutions to privacy problems? John Deighton;<br/>Part II: 7. Anonymising personal data under European law Ian Walden;<br/>8. Enforcement issues - mandatory retention of traffic data in the EU: possible impact on privacy and on-line anonymity Caroline Goemans and Jos Dumortier;<br/>9. Anonymity, the Internet and criminal law issues Indira Carr;<br/>10. Anonymity, consumers and the internet: where everyone knows you're a dog Lilian Edwards and Geraint Howells;<br/>11. New rules for anonymous electronic transactions? An exploration of the private law implications of digital anonymity Jan Grijpink and Corien Prins;<br/>12. Court assisted means of revealing identity on the internet Alexandra Sims;<br/>13. anonymity: challenges for politics and law Chris Nicoll and Corien Prins;<br/>About the authors;<br/>Index. |
| 650 ## - SUBJECT ADDED ENTRY--TOPICAL TERM | |
| Topical term or geographic name entry element | 1. Electronic Communication - Digital Aspects2. Digital Electronics - Communication Aspects - Law & Legislation3. Internet - Communication Law 4. Electronic Transaction - Law & Legislation5. Cyuberspace Laws6. Digital Privacy - Law & Lelgislat |
| 700 ## - ADDED ENTRY--PERSONAL NAME | |
| Personal name | Prins J E J |
| -- | Dellen M J M Van |
| 942 ## - ADDED ENTRY ELEMENTS (KOHA) | |
| Source of classification or shelving scheme | Dewey Decimal Classification |
| Koha item type | BOOKs |
| Withdrawn status | Lost status | Damaged status | Not for loan | Home library | Current library | Shelving location | Date acquired | Cost, normal purchase price | Total Checkouts | Full call number | Barcode | Date last seen | Price effective from | Koha item type |
|---|---|---|---|---|---|---|---|---|---|---|---|---|---|---|
| . | . | 30.05.2017 | 4048.00 | 343.09945 NIC | 19906 | 30.05.2017 | 30.05.2017 | BOOKs |